Central Library OPAC University of Rajshahi

The Aga Khans / (Record no. 23577)

MARC details
000 -LEADER
fixed length control field 00756nam a2200265 4500
001 - CONTROL NUMBER
control field 23577
003 - CONTROL NUMBER IDENTIFIER
rucl marc code BD-RjUL
005 - DATE AND TIME OF LATEST TRANSACTION
control field 20211209000939.0
008 - FIXED-LENGTH DATA ELEMENTS--GENERAL INFORMATION
fixed length control field 140311s1970 enkacf b 001 0ceng
020 ## - INTERNATIONAL STANDARD BOOK NUMBER
International Standard Book Number 0370013042
035 ## - SYSTEM CONTROL NUMBER
System control number (BD-RjUL)23642
040 ## - CATALOGING SOURCE
Original cataloging agency DLC
Transcribing agency DLC
Modifying agency DLC
-- BD-RjUL
Language of cataloging eng
041 ## - LANGUAGE CODE
Language code of text/sound track or separate title eng
082 00 - DEWEY DECIMAL CLASSIFICATION NUMBER
Classification number 297.8220922
Author mark and year FRA 1970
100 1# - MAIN ENTRY--PERSONAL NAME
Personal name Frischauer, Willi,
Dates associated with a name 1906-
9 (RLIN) 72577
245 14 - TITLE STATEMENT
Title The Aga Khans /
Statement of responsibility, etc. Willi Frischauer.
260 ## - PUBLICATION, DISTRIBUTION, ETC. (IMPRINT)
Place of publication, distribution, etc. London :
Name of publisher, distributor, etc. Bodley Head,
Date of publication, distribution, etc. 1970.
300 ## - PHYSICAL DESCRIPTION
Pagination 286 p., 17 plates. :
Illustrations illus., ports.
Size 23 cm.
504 ## - BIBLIOGRAPHY, ETC. NOTE
Bibliography, etc Includes bibliographical references.
600 00 - SUBJECT ADDED ENTRY--PERSONAL NAME
Personal name Aga Khan
Dates associated with a name 1936-
650 #0 - SUBJECT ADDED ENTRY--TOPICAL TERM
Topical term or geographic name as entry element Ismailites.
9 (RLIN) 72579
942 ## - ADDED ENTRY ELEMENTS (KOHA)
Source of classification or shelving scheme Dewey Decimal Classification
Koha item type Books
Holdings
Lost status Source of classification or shelving scheme Damaged status Not for loan Collection code Permanent Location Current Location Shelving location Date acquired Source of acquisition Cost, normal purchase price Total Checkouts Full call number Date last seen Copy number Koha item type
  Dewey Decimal Classification   Added to bundle Non-fiction Central Library, University of Rajshahi Central Library, University of Rajshahi Reading Room 13/07/1972 Book centre. 46.20   297.8220922 FRA 1970 11/03/2014 C-1 Books